00578nam a22001577a 4500008004100000020001800041050002200059245006900081250001200150260004400162300004700206500001900253650005400272650004500326650004900371220223b |||||||| |||| 00| 0 eng d a9781625238818 aR 838.5 .M33 2015 aMCAT physics and math review/cedited by Alexander Stone Macnow. a2nd ed. aNew York :b Kaplan Publishing, c2016. axxi, 450 pages : billustrations ; c28 cm aIncludes index a Medical College Admission Test -- Study guides. aPhysics -- Examinations -- Study guides. aMathematics -- Examinations -- Study guides.